00389nmm a2200133Ia 4500008004100000020001800041041000800059100002400067245002100091264004800112300001800160650002600178856005100204251105s9999||||xx |||||||||||||||||und|| a9789580611530 aspa aClara Avella, Bella 0aEros... en canto a[Bogotá, Colombia] :bOveja Negra, c2010 a120 páginas aLatin American poetry uhttps://public.digitaliapublishing.com/a/19864